Countries by Highest Difference in Recorded Temperature - Statistics

General Stats
  • This quiz has been taken 157 times
  • The average score is 18 of 24
Answer Stats
+/- °C +/- °F Country % Correct
116.1 241.0 United States
99%
102.8 217.0 China
98%
113.1 235.6 Russia
98%
107.8 226.0 Canada
95%
90.1 194.2 Iran
82%
100.7 213.3 Kazakhstan
81%
94.2 201.6 Turkey
81%
86.3 187.3 Argentina
80%
100.0 212.0 Mongolia
79%
89.5 193.1 Uzbekistan
79%
102.0 215.6 Afghanistan
78%
87.0 188.6 Norway
78%
90.0 194.0 Sweden
78%
97.6 207.7 Tajikistan
78%
85.1 185.2 Turkmenistan
78%
88.7 191.7 Finland
76%
85.7 186.3 France
71%
90.5 194.9 Italy
68%
97.6 207.7 Kyrgyzstan
68%
85.1 185.2 Georgia
65%
90.4 194.7 Armenia
64%
106.0 222.8 Denmark
64%
85.6 186.1 North Korea
48%
86.6 187.9 Bosnia and Herzegovina
21%
No matching quizzes found
Score Distribution
Percent of People with Each Score
Percentile by Number Answered
Your Score History
You have not taken this quiz